Inovované programovanie regionálnej politiky Európskej únie v programovacom období 2007-2013

Saved in:
Bibliographic Details
Main Author: Ivaničková, Alžbeta
Corporate Author: Ekonomická univerzita v Bratislave. Národohospodárska fakulta
Other Authors: Búšik, Jozef, Vlčková, Viera
Format: Book
Language:Slovak
Published: Bratislava Vydavateľstvo EKONÓM 2007
Subjects:
Tags: Add Tag
No Tags, Be the first to tag this record!

MARC

LEADER 00000nam$a2200000$$$4500
001 0054910
005 20240502071629.6
020 |a 978-80-225-2309-7 
041 0 |a slo 
044 |a SK 
245 1 0 |a Inovované programovanie regionálnej politiky Európskej únie v programovacom období 2007-2013  |c Alžbeta Ivaničková 
264 1 |a Bratislava  |b Vydavateľstvo EKONÓM  |c 2007 
300 |a 154 s. 
610 2 0 |a politika regionálna 
610 2 0 |a reformy 
610 2 0 |a integrácia ekonomická medzinárodná 
610 2 0 |a stratégia inovačná 
610 2 0 |a regióny 
610 2 0 |a fondy štruktúrne 
610 2 0 |a financovanie 
610 2 0 |a programy rozvojové 
610 2 0 |a Európska únia 
610 2 0 |a Slovensko 
100 1 |a Ivaničková, Alžbeta 
700 1 |a Búšik, Jozef 
700 1 |a Vlčková, Viera 
710 2 |a Ekonomická univerzita v Bratislave. Národohospodárska fakulta